Statistics for F1 Season: 2016 Race Winners

Click here to take the quiz!

General Stats

  • This quiz has been taken 1,680 times
  • The average score is 20 of 21

Answer Stats

Grand PrixRace Winner% Correct
Abu DhabiLewis Hamilton
100%
BrazilLewis Hamilton
100%
JapanLewis Hamilton
100%
USALewis Hamilton
100%
JapanNico Rosberg
99%
United KingdomLewis Hamilton
98%
GermanyLewis Hamilton
98%
HungaryLewis Hamilton
98%
AustriaLewis Hamilton
98%
CanadaLewis Hamilton
98%
MonacoLewis Hamilton
98%
Europe (Azerbaijan)Nico Rosberg
97%
BahrainNico Rosberg
97%
BelgiumNico Rosberg
97%
ItalyNico Rosberg
97%
SingaporeNico Rosberg
97%
RussiaNico Rosberg
97%
ChinaNico Rosberg
97%
AustraliaNico Rosberg
97%
SpainMax Verstappen
92%
MalaysiaDaniel Ricciardo
88%

Score Distribution

Percentile by Number Answered

Percent of People with Each Score

Your Score History

You have not taken this quiz